[Event "Niedersachsen-ch U14"]
[Site "Meppen"]
[Date "2002.03.28"]
[Round "6"]
[White "Brockmann, Patrick"]
[Black "Reusch, Julian"]
[Result "1/2-1/2"]
[WhiteElo "931"]
[BlackElo "1349"]
[PlyCount "124"]
[EventDate "2002.03.??"]
[EventType "swiss"]
[EventRounds "7"]
[EventCountry "GER"]
[SourceTitle "EXT 2003"]
[Source "ChessBase"]
[SourceDate "2002.11.25"]
[SourceVersion "1"]
[SourceVersionDate "2002.11.25"]
[SourceQuality "1"]

1. e4 d5 2. exd5 Qxd5 3. Nc3 Qa5 4. d4 Nf6 5. Bd2 Bg4 6. Be2 Bxe2 7. Qxe2 Nc6 8. Nf3 0-0-0 9. Ne4 Qd5 10. Nxf6 gxf6 11. c3 e5 12. 0-0 exd4 13. Rfd1 Bg7 14. cxd4 Nxd4 15. Nxd4 Qxd4 16. Bh6 Qh4 17. Bxg7 Rhg8 18. Rxd8+ Kxd8 19. Rd1+ Kc8 20. Qe3 b6 21. Qf3 Kb8 22. Bxf6 Qc4 23. Qd5 Qxd5 24. Rxd5 Re8 25. g3 Kc8 26. Rh5 Kd7 27. Rxh7 Ke6 28. Bc3 c5 29. h4 b5 30. b4 cxb4 31. Bxb4 a6 32. Rh6+ f6 33. g4 Rg8 34. f3 Ke5 35. Bc3+ Kf4 36. Rxf6+ Kg3 37. h5 Rd8 38. Kf1 Rd1+ 39. Ke2 Rc1 40. Kd2 Rh1 41. Rxa6 Kxf3 42. h6 Kxg4 43. Bg7 Rh2+ 44. Ke3 Kg5 45. Bf6+ Kf5 46. Bg7 Kg5 47. Ra5 Rh3+ 48. Ke4 Rh4+ 49. Ke5 Kg6 50. Ra6+ Kf7 51. Ra7+ Kg6 52. Ra8 Rh2 53. Rh8 Rxa2 54. Rd8 Rh2 55. Rd6+ Kf7 56. Rb6 Rh1 57. Kf4 Rf1+ 58. Kg4 Rh1 59. Rxb5 Rg1+ 60. Kh3 Rh1+ 61. Kg2 Rh4 62. Bb2 Rxh6 1/2-1/2

[Event "Niedersachsen-ch U14"]
[Site "Meppen"]
[Date "2002.03.25"]
[Round "3"]
[White "Raulf, Christopher"]
[Black "Brockmann, Patrick"]
[Result "1-0"]
[WhiteElo "1328"]
[BlackElo "931"]
[PlyCount "109"]
[EventDate "2002.03.??"]
[EventType "swiss"]
[EventRounds "7"]
[EventCountry "GER"]
[SourceTitle "EXT 2003"]
[Source "ChessBase"]
[SourceDate "2002.11.25"]
[SourceVersion "1"]
[SourceVersionDate "2002.11.25"]
[SourceQuality "1"]

1. e4 c5 2. Nf3 Nc6 3. d4 cxd4 4. Nxd4 e5 5. Nf3 Nf6 6. Nc3 Bb4 7. Bd2 Bxc3 8. Bxc3 d6 9. Bd3 0-0 10. h3 Be6 11. Qd2 Qc7 12. Ng5 Qe7 13. a3 h6 14. Nf3 Rac8 15. 0-0-0 a6 16. Nh2 Rfd8 17. f3 d5 18. Qe2 d4 19. Bd2 Nh5 20. Qf2 Nf4 21. Bxf4 exf4 22. Ng4 f6 23. g3 Qd6 24. Rhg1 Ne5 25. Nxf6+ Kf7 26. Ng4 Bxg4 27. fxg4 f3 28. Qd2 Kg8 29. Rgf1 Rf8 30. Rf2 Nxd3+ 31. Qxd3 Qxg3 32. Rdf1 Qxh3 33. Qxd4 Qxg4 34. Qd5+ Kh8 35. Qxb7 Rce8 36. e5 Rxe5 37. Rxf3 Rxf3 38. Rxf3 Qg1+ 39. Kd2 Qe1+ 40. Kd3 Qe2+ 41. Kd4 Re8 42. Kc3 Qe5+ 43. Kc4 Rb8 44. Qc6 Qxb2 45. Rc3 Qa2+ 46. Kc5 Rb5+ 47. Kd6 Rd5+ 48. Qxd5 Qxd5+ 49. Kxd5 Kh7 50. Re3 g5 51. Re6 h5 52. Ke5 h4 53. Kf5 h3 54. Kxg5 h2 55. Rh6+ 1-0

[Event "Niedersachsen-ch U14"]
[Site "Meppen"]
[Date "2002.03.24"]
[Round "2"]
[White "Brockmann, Patrick"]
[Black "Meurer, Markus"]
[Result "0-1"]
[WhiteElo "931"]
[BlackElo "1478"]
[PlyCount "30"]
[EventDate "2002.03.??"]
[EventType "swiss"]
[EventRounds "7"]
[EventCountry "GER"]
[SourceTitle "EXT 2003"]
[Source "ChessBase"]
[SourceDate "2002.11.25"]
[SourceVersion "1"]
[SourceVersionDate "2002.11.25"]
[SourceQuality "1"]

1. e4 c5 2. Nf3 Nc6 3. d4 cxd4 4. Nxd4 g6 5. Nc3 Bg7 6. Be3 Nf6 7. Qd2 0-0 8. Bc4 Nxe4 9. Nxe4 d5 10. Bxd5 Qxd5 11. Nxc6 Qxe4 12. Nd4 Qxg2 13. 0-0-0 Bg4 14. Rdg1 Qe4 15. Rg3 Qxh1+ 0-1